00685nam a2200229 a 4500001001300000003000900013005001700022008004100039020001000080082001800090100002300108245003200131260005900163300000900222500003500231505001300266650003400279902000800313942000700321952011400328999001300442nice12345678IN_TiNIC20260116011315.0050524s1967 bana grp 000 0 eng  ac4.500a320.0954bSIN aSingh, Herbert Jai aIndian Politics After Nehru aBangalorebChristian Instt.For Study of Religionc1967 a193p aincludes index and biblioraphy2 aAppendix aIndia-Politics and Government bSRS cBK 001040708StackRoom-aHMIbHMId2007-04-05g4.50l0o320.0954 SINp03776r2007-04-05v4.50w2005-05-24yBK c360d360